000 00579nam a2200193 i 4500
001 89666
003 ES-MaACL
005 20230906180237.0
007 t|
008 050112s1943 it ||||1| ita d
080 _a821.134.2-14"19"
100 1 _aVillanova, Rafael Lasso de la Vega,
_cMarqués de,
_d1890-1959
_970477
245 1 0 _aOaristes
_b: (1931-1940) /
_cVillanova.
250 _a[2ª ed.].
260 _a[S.l. :
_bs.n.],
_c1943 (
_eFlorencia :
_fJ.A. Giuntina)
300 _a110 p. ;
_c18 cm.
852 _aES-MaACL
_j1868-F-1
_bR.23072
999 _c89666
_d89666